Safe skies, archer / (Record no. 8609)

MARC details
000 -LEADER
fixed length control field 00638nam a22002057a 4500
003 - CONTROL NUMBER IDENTIFIER
control field OSt
005 - DATE AND TIME OF LATEST TRANSACTION
control field 20260304052220.0
008 - FIXED-LENGTH DATA ELEMENTS--GENERAL INFORMATION
fixed length control field 260304b |||||||| |||| 00| 0 eng d
020 ## - INTERNATIONAL STANDARD BOOK NUMBER
International Standard Book Number 978-6210-309621
040 ## - CATALOGING SOURCE
Original cataloging agency DWCL - Main Lib.
Transcribing agency OC
082 ## - DEWEY DECIMAL CLASSIFICATION NUMBER
Classification number F S159s 2022
100 ## - MAIN ENTRY--PERSONAL NAME
Personal name Saludes, Gwynette Jan C.
Relator term Author
245 ## - TITLE STATEMENT
Title Safe skies, archer /
Statement of responsibility, etc. Gwynette Jan C. Saludes
260 ## - PUBLICATION, DISTRIBUTION, ETC.
Place of publication, distribution, etc. Quezon City, Philippines:
Name of publisher, distributor, etc. Precious Pages,
Date of publication, distribution, etc. c2022.
300 ## - PHYSICAL DESCRIPTION
Extent 416 pages :
Other physical details illustrations ;
Dimensions 23cm.
490 ## - SERIES STATEMENT
Series statement University series 2
650 ## - SUBJECT ADDED ENTRY--TOPICAL TERM
Topical term or geographic name entry element 1. Man-woman relationships -- Fiction.
650 ## - SUBJECT ADDED ENTRY--TOPICAL TERM
Topical term or geographic name entry element 2. Romance fiction.
942 ## - ADDED ENTRY ELEMENTS (KOHA)
Source of classification or shelving scheme Dewey Decimal Classification
Koha item type Fiction
Suppress in OPAC No
952 ## - LOCATION AND ITEM INFORMATION (KOHA)
--
Holdings
Withdrawn status Lost status Source of classification or shelving scheme Damaged status Not for loan Home library Current library Shelving location Date acquired Source of acquisition Cost, normal purchase price Total Checkouts Full call number Barcode Date last seen Copy number Price effective from Koha item type Uniform Resource Identifier
    Dewey Decimal Classification     Junior High School Library Junior High School Library Fiction 02/23/2026 School Fund 489.00   F S159s 2022 JHS - 21514 03/04/2026 c1 03/04/2026 FIC.